| 000 | 01655nam a22002657a 4500 | ||
|---|---|---|---|
| 001 | 114117 | ||
| 003 | DR-UNIBE | ||
| 005 | 20260423112457.0 | ||
| 008 | 251001b2000 dr ||||| |||| 00| 0 mul d | ||
| 020 | _a9993423122 | ||
| 040 |
_aBIBLIOTECA UNIBE _bspa _cBIBLIOTECA UNIBE _erda |
||
| 041 |
_hspa _aspa _aeng _afre |
||
| 082 | _a726.5 D925b | ||
| 100 | 1 |
_aDunoyer de Segonzac, André _q(Dunoyer de Segonzac, André-Jacques) _d1915-1974 _eautor _9204323 |
|
| 245 | 1 | 0 |
_aBasílica Nuestra Señora de La Altagracia / _cAndré Dunoyer de Segonzac |
| 260 |
_aSanto Domingo : _bBanco Popular _c2000 |
||
| 300 |
_a343 páginas : _bilustraciones (blanco y negro y color) ; _c 29 cm _e+ 1 cuadernillo (4 hojas) |
||
| 505 | _aPRIMERA PARTE ASPECTOS HISTÓRICOS Y RELIGIOSOS | Historia del culto altagraciano | La situación geográfica y sus relaciones con el edificio | Situación de los autores durante el concurso (1947) | Sobre el desarrollo del estudio | SEGUNDA PARTE ESTUDIO CRÍTICO | A/ Del programa | B/ Concepto general | C/ Los elementos del edificio como respuesta a las funciones | D/ El nacimiento de los sistemas de formas, su adaptación al discurso arquitectónico | E/ La arquitectónica: modelatura y paramentos | F/ Sistema de los vitrales | G/ Las modificaciones posteriores al proyecto de ejecución | | ||
| 650 | 7 |
_2lemb _aIglesia catolica _xHistoria _928763 |
|
| 650 | 7 |
_2lemb _aDiseño arquitectónico |
|
| 700 |
_aMoya Pons, Frank, _q(Moya Pons, Rafael Francisco), _d1944- _9199245 _eeditor |
||
| 700 |
_aGauge, Jean Alexis _etraductor _9199464 |
||
| 700 |
_aSolomon, Denis _etraductor _9199465 |
||
| 942 |
_2ddc _cBK |
||
| 999 |
_c114117 _d114117 |
||